Mutiara al-Qur'an Imam al-Ghazali

Bibliographic Details
Main Author: Quasem, Muhammad Abul , 1920- (Author)
Format: Book
Published: Kuala Lumpur : Dewan Bahasa dan Pustaka , 1983
Subjects:

MARC

LEADER 00000cam a2200000 7i4500
001 0000004343
005 20230116093000.0
008 021118s1983
090 0 0 |a BP130.7   |b .QU37 
100 0 |a Quasem, Muhammad Abul ,   |d 1920- ,   |e author 
240 0 4 |a The jewels of the Quran: al-Ghazali's theory   |l Bahasa Malaysia 
245 0 0 |a Mutiara al-Qur'an Imam al-Ghazali   |c Muhammad Abul Quasem   |f diterjemahkan oleh Abdul Rahman Rukaini 
260 2 |a Kuala Lumpur :   |b Dewan Bahasa dan Pustaka ,   |c 1983 
300 |a 264 p. ;   |c 22 cm. 
501 |a Translation of: The jewels of the Quran: al-Ghazali's theory 
504 |a Includes bibliographical references (p. 259-264) 
650 0 |a Qur'an; criticism, interpretation, etc 
999 |a 1000002353   |b Book   |c OPEN SHELF (30 DAYS)   |e Gong Badak Campus 
999 |a 1000002354   |b Book   |c OPEN SHELF (30 DAYS)   |e Gong Badak Campus 
999 |a 1000002356   |b Book   |c OPEN SHELF (30 DAYS)   |e Gong Badak Campus 
999 |a 1000002357   |b Book   |c OPEN SHELF (30 DAYS)   |e Medical Campus